MARC details
| 000 -CABECERA |
| campo de control de longitud fija |
02330nam a2200277 a 4500 |
| 001 - NÚMERO DE CONTROL |
| campo de control |
000026840 |
| 005 - FECHA Y HORA DE LA ÚLTIMA TRANSACCIÓN |
| campo de control |
20200930030437.0 |
| 008 - DATOS DE LONGITUD FIJA--INFORMACIÓN GENERAL |
| campo de control de longitud fija |
110325s1983 dr a 001 e spa d |
| 040 ## - FUENTE DE LA CATALOGACIÓN |
| Centro catalogador/agencia de origen |
DO-SdBNP |
| Lengua de catalogación |
spa |
| Centro/agencia transcriptor |
BNPHU |
| 082 ## - NÚMERO DE LA CLASIFICACIÓN DECIMAL DEWEY |
| Número de clasificación |
321.094 |
| Número de documento/Ítem |
T772r |
| 245 03 - MENCIÓN DE TÍTULO |
| Título |
La transición revolucionaria en América Latina / |
| Mención de responsabilidad, etc. |
selección y edición Guarocuya Batista, Santiago Gómez Monegro. |
| 260 ## - PUBLICACIÓN, DISTRIBUCIÓN, ETC. |
| Lugar de publicación, distribución, etc. |
Santo Domingo : |
| Nombre del editor, distribuidor, etc. |
UASD, |
| Fecha de publicación, distribución, etc. |
1983. |
| 300 ## - DESCRIPCIÓN FÍSICA |
| Extensión |
2 v. : |
| Otras características físicas |
il., retrs. ; |
| Dimensiones |
21 cm. |
| 490 1# - MENCIÓN DE SERIE |
| Mención de serie |
Praxis |
| Designación de volumen o secuencia |
2 |
| 505 0# - NOTA DE CONTENIDO CON FORMATO |
| Información miscelánea |
V. I |
| Título |
La crisis actual del imperialismo y los procesos revolucionarios en América Latina y el Caribe / |
| Mención de responsabilidad |
Manuel Piñeiro Losada -- |
| Título |
El proceso de transición en Nicaragua / |
| Mención de responsabilidad |
Orlando Núñez Soto -- |
| Título |
Salud en las sociedades en transición -- |
| Mención de responsabilidad |
Dr Sergio Arouca -- |
| Título |
El socialismo y el hombre nuevo / |
| Mención de responsabilidad |
Ernesto -Che- Guevara -- |
| Título |
Economía y Transición Revolucionaria: |
| -- |
La planificación socialista / |
| Mención de responsabilidad |
Ernesto -Che- Guevara -- |
| Título |
Las categorías mercantiles en el período de transición / |
| Mención de responsabilidad |
Ernest Mandel -- |
| Título |
Acumulación, planificación y distribución del ingreso en pequeñas economías socialistas periféricas / |
| Mención de responsabilidad |
Valpy Fitzgerald -- |
| 505 0# - NOTA DE CONTENIDO CON FORMATO |
| Información miscelánea |
v. II |
| Título |
Acerca de las relaciones entre el socialismo existente y el socialismo posible / |
| Mención de responsabilidad |
Perry Anderson -- |
| Título |
El concepto "Clase para sí" en la "Historia me Absolverá" / |
| Mención de responsabilidad |
Oscar Guzmán Betancourt -- |
| Título |
Las fases de la revolución / |
| Mención de responsabilidad |
Carlos Rafael Rodríguez -- |
| Título |
Las contradicciones de la transición: clases, nación y estado en Nicaragua / |
| Mención de responsabilidad |
Carlos María Vilas -- |
| Título |
Fuerzas sociales y proyectos revolucionarios / |
| Mención de responsabilidad |
William Villagra -- |
| Título |
Plataforma Programática del Gobierno Democrático Revolucionario / |
| Mención de responsabilidad |
Coordinadora Revolucionaria de Masas -- |
| Título |
Puntos principales para el gobierno revolucionario, patriótico y democrático / |
| Mención de responsabilidad |
Unión Revolucionaria Nacional de Guatemala. |
| 590 ## - NOTA LOCAL (RLIN) |
| Nota local |
Inventariado, 2018/LP |
| 650 #4 - PUNTO DE ACCESO ADICIONAL DE MATERIA--TÉRMINO DE MATERIA |
| Término de materia o nombre geográfico como elemento de entrada |
Revoluciones |
| Subdivisión geográfica |
América Latina |
| 9 (RLIN) |
18454 |
| 650 #4 - PUNTO DE ACCESO ADICIONAL DE MATERIA--TÉRMINO DE MATERIA |
| Término de materia o nombre geográfico como elemento de entrada |
Revoluciones socialistas |
| Subdivisión general |
Ensayos, conferencias, etc. |
| 9 (RLIN) |
53956 |
| 650 #4 - PUNTO DE ACCESO ADICIONAL DE MATERIA--TÉRMINO DE MATERIA |
| Término de materia o nombre geográfico como elemento de entrada |
Movimientos revolucionarios |
| Subdivisión general |
Ensayos, conferencias, etc. |
| 9 (RLIN) |
53957 |
| 650 #4 - PUNTO DE ACCESO ADICIONAL DE MATERIA--TÉRMINO DE MATERIA |
| Término de materia o nombre geográfico como elemento de entrada |
Socialismo en américa latina |
| Subdivisión general |
Ensayos, conferencias, etc. |
| 9 (RLIN) |
53958 |
| 700 1# - PUNTO DE ACCESO ADICIONAL--NOMBRE DE PERSONA |
| Nombre de persona |
Batista, Guarocuya, |
| Término indicativo de función/relación |
comp. |
| 9 (RLIN) |
53959 |
| 700 1# - PUNTO DE ACCESO ADICIONAL--NOMBRE DE PERSONA |
| Nombre de persona |
Gómez Monegro, Santiago, |
| Término indicativo de función/relación |
ed. |
| 9 (RLIN) |
22483 |
| 830 #0 - PUNTO DE ACCESO ADICIONAL DE SERIE-TÍTULO UNIFORME |
| Título uniforme |
Praxis ; |
| Número de parte o sección de la obra |
2 |
| 9 (RLIN) |
53960 |
| 910 ## - DATOS DE OPCIÓN DEL USUARIO (OCLC) |
| Datos de opción del usuario |
Validado. Control de calidad EMS |